消滅したご当地駅メロドボン - Statistics

General Stats
  • This quiz has been taken 43 times
  • The average score is 5 of 15
Answers on the Grid
Answers color-coded by a green-red scale on the quiz's grid according to % correct below.
HAPPY PARTY TRAIN
Hero
It's a Small World
Take the A Train
いい湯だな
きてよパーマン
さくら(ケツメイシ)
すいみん不足
となりのトトロ
ひみつのアッコちゃん
アイラブユー
カリフォルニアシャワー
コアラのマーチ
ハナミズキ
パプリカ
ホール・ニュー・ワールド
世界に一つだけの花
今夜だけきっと
俺たちの明日
千の風になって
夢をかなえてドラえもん
夢伝説
宇宙戦艦ヤマト
岬めぐり
希望の轍
帝国のマーチ
春になったら
桜(コブクロ)
武田節
瀬戸の花嫁
熱き星たちよ
爽健美茶のうた
線路はつづくよどこまでも
若いってすばらしい
行くぜっ!怪盗少女-ZZ ver-
証城寺の狸囃子
赤い電車
鉄道唱歌
阿波踊り
雨のステイション
 
Answer Stats
Answer % Correct
すいみん不足
67%
Hero
42%
ひみつのアッコちゃん
38%
世界に一つだけの花
38%
鉄道唱歌
33%
コアラのマーチ
29%
今夜だけきっと
29%
桜(コブクロ)
29%
爽健美茶のうた
29%
若いってすばらしい
29%
行くぜっ!怪盗少女-ZZ ver-
29%
春になったら
25%
アイラブユー
17%
帝国のマーチ
17%
Take the A Train
8%
No matching quizzes found
Score Distribution
Percent of People with Each Score
Percentile by Number Answered
Your Score History
You have not taken this quiz